Quizzes
Events
Quiz Creation
Community
Videos
Private Events
Remove Ads
Sign In
Join for FREE
Feedback
Dark Mode
Quiz Categories
Sports
Geography
Music
Movies
Television
Just For Fun
Miscellaneous
History
Literature
Language
Science
Gaming
Entertainment
Religion
Holiday
For Kids
Quiz Lab
Recent
Popular Today
Quiz Kudos Today
Editor Picks
Curator Picks
Quizzes by...
Day
Popularity
Type
Ratings
Length
Year
Community
Subscriptions
Recent Discussions
Orange Saloon
Badges
Playlists
Quests
Create
Leaderboards
Showdown
Live 5
Trivia Bingo
Activity
Puzzle Library
Sporcle Events
Private Events
Virtual Trivia
Globe League
Become a Host
Pub Owners
SporcleCon
Opinionation
Our Games
Videos
Blog
Mobile Apps
Partnerships
Remove Ads and Go Orange
Feedback
Miscellaneous
Crossword
General Knowledge
Baby Names
Logo
Food
Cars
Numbers
Grab Bag
University
College
Popular
Company
Slogans
Restaurants
Justice
Letter
Miscellaneous
Crossword
General Knowledge
Baby Names
Logo
Food
Cars
Numbers
Grab Bag
University
College
Popular
Company
Slogans
Restaurants
Justice
Letter
Random Quiz
Search Sporcle
×
Quiz Lab
Quiz Lab
Miscellaneous
College
Type in answers that appear in a list
Type in answers that appear in a list
Classic
Best Score? Go Orange.
Westminster Facilities Stats
Can you name the facilities on Westminster's campus?
By
kennyhunt25
8m
29 Questions
18 Plays
18 Plays
18 Plays
Comments
Comments
Give Quiz Kudos
Give Quiz Kudos
-
- Ratings
hide this ad
Replay
Link that replays current quiz
Next Quiz
Link to next quiz in quiz playlist
You Got
0%
They Got
Avg Score
79%
Avg Friend Score
Upgrade to see
Score Distribution
Jump to the score distribution portion of the page
Score
0/29
Timer
08:00
0
Plays Today
Type
Answer
% Correct
Academic
Old Main
94.4%
Sustainable Living
Tiny House
91.7%
Athletic
Memorial Fieldhouse
88.9%
Athletic
Old 77
88.9%
Residential
Shaw Hall
88.9%
Residential
Thompson House
88.9%
Residential
Berlin Village
88.9%
Food
The Titan Club
88.9%
Food
Duff Dining Room
88.9%
Academic
Hoyt Science Resources Center
83.3%
Residential
Ferguson Hall
83.3%
Residential
Browne Hall
83.3%
Residential
Galbreath Hall
83.3%
Residential
Eichenauer Hall
83.3%
Residential
Russell Hall
83.3%
Type
Answer
% Correct
Academic/
Food/
Recreation
McKelvey Campus Center
83.3%
Fraternity House
Sigma Phi Epsilon
83.3%
Fraternity House
Theta Chi
83.3%
Academic
Thompson-Clark Hall
77.8%
Academic
Patterson Hall
77.8%
Alumni Relations
Wiley Alumni House
77.8%
Fraternity House
Alpha Sigma Phi
77.8%
Fraternity House
Phi Kappa Tau
77.8%
Academic
McGill Memorial Library
72.2%
Admissions
Remick Admissions House
72.2%
Athletic
Burry Stadium
72.2%
Residential
Jeffers Hall
66.7%
Residential
Hillside Hall
66.7%
Recreation
Anderson Ampitheater
33.3%
Quiz Playlist
Details
Report
Send in Message
Add To Playlist
Classic:
Type in answers that appear in a list
Last Updated: Jul 17, 2017
Quiz Scoreboard
CHALLENGE
Sign Up to Join the Scoreboard
Show All
Scores
Hide
Comments
May contain spoilers
Recently Published
An Introduction to Baseball
by treessimontrees
Sports
5m
Movies - When Are They Set?
by FPL_Elf
Movies
5m
Popular People in 1961
by mucciniale
History
6m
More to Explore
Quiz From the Vault
Featured Blog Post
Where Did the Easter Bunny Come From?
hide this ad
You Might Also Like...
Tags
College Quiz
University Quiz
Arts Colleges
College Towns
Pennsylvania
Pennsylvania College
US Colleges
Westminster
Today's Top Quizzes in Miscellaneous
Browse Miscellaneous
hide this ad
Today's Top Quizzes in College
Browse College
Top Contributed Quizzes in Miscellaneous
1
5-to-1: Fast Food
2
The JOE quick-fire general knowledge quiz: Day 174
3
The JOE quick-fire general knowledge quiz: Day 173
4
The JOE quick-fire general knowledge quiz: Day 172
5
5-to-1: Cocktails
6
One Thing in Common: United Kingdom II
7
Sunday Crossword: Famous Bodies of Water
8
The JOE quick-fire general knowledge quiz: Day 171
9
Named After an Animal - Odd One Out!
10
The JOE quick-fire quiz: Day 170
Explore More
Trending Topics
NBA
Kpop
Marvel
Crossword
Harry Potter
Anime
Disney
Song
Soccer
The Office
Pokémon
Country
Puzzle
NFL
WWE
hide this ad
More By:
kennyhunt25
Quiz
Plays
Rating
Category
Featured
Created
Geneva Engineering
68
Science
May 11, 2016
Geneva Coaches
55
Sports
Jun 3, 2016
Geneva Acronyms
46
Miscellaneous
May 13, 2016
Geneva Professors
41
Miscellaneous
Jun 2, 2016
Geneva College Buildings
31
Miscellaneous
May 18, 2016
Go to Creator's Profile
Score Distribution
Quiz Creator Spotlight
kennyhunt25
Follow
Send a Message
Quizzes Created
-
Created Quiz Play Count
-
More By This Creator
Popular Quizzes Today
1
Find the Countries of Europe - No Outlines Minefield
2
Find the US States - No Outlines Minefield
3
The Countries of the World
4
Popular People in 1961
5
Find the US States
6
US States
7
1-10 Letter E Words III
8
Risky Map Clicking: Biggest States A-Z
More Miscellaneous Quizzes
The Magic Quiz
Published
Trending Quizzes
Risky Map Clicking: Least Populous States A-Z
1-10 Letter F Words
1-10 Letter G Words
One Thing in Common: United Kingdom
Risky Map Clicking: Next State Alphabetically
Recently Updated
Leaping Animals
pecheneg
Reality TV Shows (A-Z)
bhenderson79
Rickey Henderson's Hall of Fame Teammates
pecheneg
Champions League XIs: Arsenal
pecheneg
Quick Pick: Celebrities in WWE's Hall of Fame
aduchscher
A-Z Keypad Blitz II
pecheneg
Multiple Oscar Actors
pecheneg
Mystery Phrase Blitz: Oscar 'Best Actors'
pecheneg
F. Scott Fitzgerald Novels
LTH
Pick 3 Villains
ddd62291
Trending Topics
Marvel
Kpop
Crossword
NBA
Harry Potter
Disney
Anime
Soccer
Country
NFL
WWE
Pokémon
Puzzle
The Office
Song
Your Account Isn't Verified!
In order to create a playlist on Sporcle, you need to verify the email address you used during registration. Go to your
Sporcle Settings
to finish the process.
Report this User
Report this user for behavior that violates our
Community Guidelines
.
Details:
Send Report
Go to the Sporcle.com Mobile Site →
Comments